|
|
|
|
| LEADER |
00000nab a2200000 a 4500 |
| 001 |
vtls011112420 |
| 003 |
SK-MaSNL |
| 005 |
20260303125230.0 |
| 008 |
230218|2010 xo |||||||||||||||||eng| |
| 015 |
|
|
|a SNBRB
|
| 035 |
|
|
|a (uuid)d00af442-4626-4873-a1e3-04946b2a3dc7
|
| 035 |
|
|
|a (urnnbn)urn:nbn:sk:snk:ar-a08g99
|
| 035 |
|
|
|a urn:nbn:sk:snk-ab9itk
|
| 040 |
|
|
|a SNKBUCL
|b slo
|c SNKBUCL
|e AACR2
|
| 041 |
0 |
|
|a eng
|
| 044 |
|
|
|a xo
|c SK
|
| 100 |
1 |
|
|a Jankelová, S.
|4 aut
|9 1143436
|
| 245 |
1 |
0 |
|a ACTINOBACILLUS EQUULI ENZOOTIC IN A HORSE HERD
|c S. Jankelová, M. Boldižár, P. Vidricková
|
| 700 |
1 |
|
|a Boldižár, Martin
|4 aut
|9 777577
|
| 700 |
1 |
|
|a Vidricková, P.
|4 aut
|9 777579
|
| 773 |
0 |
|
|t Folia veterinaria
|g Roč. 54, č. 2 (2010), s. 61-63
|
| 958 |
|
|
|a OND
|
| 958 |
|
|
|a EUIPO
|
| 958 |
|
|
|a article13
|
| 999 |
|
|
|c 1933763
|d 1935693
|